[Event "POR-chT"]
[Site "Penafiel"]
[Date "2020.08.24"]
[Round "4.2"]
[White "Medarde Santiago, Luis Marcos"]
[Black "Saltao, Joao Miguel Ramos"]
[Result "0-1"]
[WhiteElo "2320"]
[BlackElo "1960"]
[PlyCount "100"]
[EventDate "2020.08.22"]
[EventType "team-tourn"]
[EventRounds "9"]
[EventCountry "POR"]
[SourceTitle "CBM 198 Extra"]
[Source "ChessBase"]
[SourceDate "2020.11.30"]
[SourceVersion "1"]
[SourceVersionDate "2020.11.30"]
[SourceQuality "1"]
[WhiteTeam "Profi Gaia/Escola Profiss"]
[BlackTeam "Montemor o Velho"]
[WhiteTeamCountry "POR"]
[BlackTeamCountry "POR"]

1. e4 e6 2. d4 d5 3. Nd2 dxe4 4. Nxe4 Bd7 5. Nf3 Bc6 6. Bd3 Nd7 7. 0-0 Ngf6 8. Neg5 Be7 9. Nxf7 Kxf7 10. Ng5+ Kg8 11. Nxe6 Qc8 12. Bf5 g6 13. Bh3 Nf8 14. Re1 Bd5 15. Nf4 Qd8 16. Qe2 Kf7 17. Nxd5 Nxd5 18. Bh6 c6 19. Be6+ Nxe6 20. Qxe6+ Ke8 21. Bg7 Rf8 22. Bxf8 Kxf8 23. c4 Nf6 24. Rad1 Qd6 25. Qh3 Rd8 26. Re6 Qf4 27. g3 Qf3 28. Qh6+ Kf7 29. Rxe7+ Kxe7 30. Qg7+ Kd6 31. c5+ Ke6 32. Re1+ Kd5 33. Qe7 Rd7 34. Qe6+ Kxd4 35. Re3 Qf5 36. Qb3 Nd5 37. Re1 Kxc5 38. Rc1+ Kd6 39. Qa3+ Kc7 40. Qxa7 Nb6 41. Qa3 Rd2 42. Rf1 Qd7 43. Qb3 Qd5 44. Qa3 Qd6 45. Qb3 h5 46. h4 Qd5 47. Qc3 Qd4 48. Qf3 Nd7 49. Qf7 Qf6 50. Qb3 Qxb2 0-1

[Event "POR-chT"]
[Site "Penafiel"]
[Date "2020.08.23"]
[Round "3.4"]
[White "Saltao, Joao Miguel Ramos"]
[Black "Eggert, Alberto"]
[Result "0-1"]
[WhiteElo "1960"]
[BlackElo "2102"]
[PlyCount "108"]
[EventDate "2020.08.22"]
[EventType "team-tourn"]
[EventRounds "9"]
[EventCountry "POR"]
[SourceTitle "CBM 198 Extra"]
[Source "ChessBase"]
[SourceDate "2020.11.30"]
[SourceVersion "1"]
[SourceVersionDate "2020.11.30"]
[SourceQuality "1"]
[WhiteTeam "Montemor o Velho"]
[BlackTeam "Amadora"]
[WhiteTeamCountry "POR"]
[BlackTeamCountry "POR"]

1. c4 c5 2. g3 Nf6 3. Nc3 e6 4. Bg2 Be7 5. Nf3 a6 6. 0-0 Nc6 7. d3 0-0 8. b3 d6 9. Bb2 Bd7 10. Qd2 Rb8 11. Ne1 b5 12. f4 Qb6 13. Rb1 Nd4 14. e3 Nf5 15. e4 Nd4 16. Ne2 Nxe2+ 17. Qxe2 Bc6 18. g4 Qa5 19. g5 Nd7 20. Ba1 e5 21. fxe5 Nxe5 22. Bxe5 dxe5 23. Nf3 Qc7 24. Qe3 Bd7 25. Rb2 Rb6 26. Rc2 b4 27. Ra1 a5 28. Bf1 a4 29. Rg2 Ra8 30. Rb1 axb3 31. axb3 Rba6 32. Qc1 Qd6 33. Qb2 Bh3 34. Rf2 Bxf1 35. Rbxf1 Qxd3 36. Qxe5 Re6 37. Qd5 Qxe4 38. Rd2 g6 39. Qxe4 Rxe4 40. Rd3 Rg4+ 41. Kh1 Bxg5 42. Rd5 Be3 43. Ne5 Rg5 44. Nc6 Ra2 45. Rd8+ Kg7 46. Rd7 Bf4 47. Rxf7+ Kxf7 48. Rxf4+ Rf5 49. Ne5+ Ke6 50. Nd3 Rxf4 51. Nxf4+ Ke5 52. Nd3+ Kd4 53. Nf4 Ke3 54. Ne6 Kf2 0-1

[Event "Lisbon Portugal op"]
[Site "Lisbon"]
[Date "2020.01.26"]
[Round "2"]
[White "Grabuzova, Tatiana"]
[Black "Saltao, Joao Miguel Ramos"]
[Result "1/2-1/2"]
[WhiteElo "2284"]
[BlackElo "1912"]
[PlyCount "135"]
[EventDate "2020.01.25"]
[EventType "swiss"]
[EventRounds "9"]
[EventCountry "POR"]
[SourceTitle "EXT 2021"]
[Source "ChessBase"]
[SourceDate "2020.10.23"]
[SourceVersion "1"]
[SourceVersionDate "2020.10.23"]
[SourceQuality "1"]

1. d4 d5 2. c4 c6 3. Nf3 Nf6 4. Nc3 Bf5 5. cxd5 Nxd5 6. e3 e6 7. Be2 Bd6 8. 0-0 Nd7 9. Re1 0-0 10. Bf1 Nxc3 11. bxc3 e5 12. e4 Bg4 13. h3 Bxf3 14. Qxf3 Qf6 15. Qxf6 gxf6 16. Be2 Rfe8 17. Bg4 Nf8 18. Bh6 c5 19. d5 Ng6 20. g3 Red8 21. a4 Rab8 22. Reb1 Ne7 23. c4 Nc8 24. a5 Bc7 25. Be2 Nd6 26. Bd3 b6 27. axb6 axb6 28. Ra7 Rb7 29. Rba1 Rdb8 30. f4 Rxa7 31. Rxa7 Rb7 32. Ra8+ Rb8 33. Ra6 b5 34. cxb5 c4 35. Bc2 Bb6+ 36. Kf1 Nxb5 37. Ra4 Rc8 38. Rb4 Nd4 39. Rxb6 Nxc2 40. Rc6 Ra8 41. fxe5 fxe5 42. Rxc4 Nd4 43. Rc7 f5 44. Rg7+ Kh8 45. Re7 fxe4 46. Rxe5 e3 47. Rxe3 Nf5 48. Re6 Rd8 49. Bf4 Rxd5 50. g4 Nh4 51. Bh6 Rd8 52. Re7 Ng6 53. Ra7 Kg8 54. Kf2 Rd3 55. Be3 Rb3 56. Kf3 Rb4 57. Ra5 Kg7 58. Rd5 Nh4+ 59. Kg3 Rb3 60. Re5 Ng6 61. Re4 Rb5 62. h4 h5 63. g5 Kf7 64. Kf3 Rb3 65. Kg2 Nxh4+ 66. Rxh4 Rxe3 67. Rxh5 Kg6 68. Rh3 1/2-1/2

[Event "Lisbon Portugal op"]
[Site "Lisbon"]
[Date "2020.01.26"]
[Round "3"]
[White "Saltao, Joao Miguel Ramos"]
[Black "Krzywda, Andrzej"]
[Result "0-1"]
[WhiteElo "1912"]
[BlackElo "2178"]
[PlyCount "100"]
[EventDate "2020.01.25"]
[EventType "swiss"]
[EventRounds "9"]
[EventCountry "POR"]
[SourceTitle "CBM 194"]
[Source "ChessBase"]
[SourceDate "2020.02.29"]
[SourceVersion "1"]
[SourceVersionDate "2020.02.29"]
[SourceQuality "1"]

1. Nf3 Nf6 2. c4 g6 3. g3 Bg7 4. Bg2 0-0 5. Nc3 d6 6. 0-0 e5 7. d3 h6 8. Qc2 Re8 9. b4 c6 10. Bb2 d5 11. Rfd1 d4 12. Ne4 Nxe4 13. dxe4 Qe7 14. c5 Na6 15. a3 Bg4 16. h3 Bxf3 17. exf3 Rad8 18. Bf1 Nc7 19. a4 Ne6 20. a5 a6 21. Ra3 h5 22. Bc1 h4 23. Bc4 Bf6 24. Kg2 hxg3 25. fxg3 Kg7 26. Rh1 Rh8 27. Qb3 Nc7 28. Qd3 Nb5 29. Bxb5 axb5 30. Bd2 Qe6 31. g4 Qe7 32. a6 bxa6 33. Rxa6 Ra8 34. Rha1 Rxa6 35. Rxa6 Bg5 36. f4 exf4 37. Qxd4+ Bf6 38. e5 f3+ 39. Kxf3 Bxe5 40. Qe4 Rxh3+ 41. Ke2 Rh2+ 42. Kd1 Qe6 43. Qf3 Qd7 44. Ra2 Qd4 45. g5 Rf2 46. Qh3 Rh2 47. Qf3 Qg1+ 48. Kc2 Rh1 49. Kd3 Qd4+ 50. Kc2 Qc4+ 0-1

[Event "POR Associations Cup"]
[Site "Almeirim"]
[Date "2017.10.15"]
[Round "2.1"]
[White "Almeida, Pedro Bastos"]
[Black "Saltao, Joao Miguel Ramos"]
[Result "0-1"]
[WhiteElo "1309"]
[BlackElo "1855"]
[PlyCount "126"]
[EventDate "2017.10.14"]
[EventType "team-k.o."]
[EventRounds "3"]
[EventCountry "POR"]
[SourceTitle "CBM 181 Extra"]
[Source "ChessBase"]
[SourceDate "2017.12.12"]
[SourceVersion "1"]
[SourceVersionDate "2017.12.12"]
[SourceQuality "1"]
[WhiteTeam "Corvos Do Lis"]
[BlackTeam "Montemor o Velho"]
[WhiteTeamCountry "POR"]
[BlackTeamCountry "POR"]

1. d4 Nf6 2. c4 c5 3. Nf3 cxd4 4. Nxd4 g6 5. Nc3 Bg7 6. g3 Nc6 7. Nxc6 bxc6 8. Bg2 0-0 9. 0-0 Rb8 10. Rb1 Re8 11. Bf4 Rb4 12. b3 Nh5 13. Bd2 Rb8 14. Qc1 Qc7 15. e4 d6 16. b4 Be6 17. Ne2 a5 18. b5 cxb5 19. cxb5 Qxc1 20. Nxc1 Bc4 21. Re1 Rxb5 22. Rxb5 Bxb5 23. Bxa5 Ra8 24. Bb4 Ra4 25. a3 Bb2 26. Bd2 Rxa3 27. Ne2 Ra1 28. Rxa1 Bxa1 29. Nc3 Bc6 30. Nd5 Kf8 31. g4 Nf6 32. Bh6+ Ke8 33. Nxf6+ Bxf6 34. Be3 e6 35. f4 Kd7 36. Kf2 d5 37. e5 Bd8 38. g5 Ba4 39. Ke2 Kc6 40. Kd2 Ba5+ 41. Kd3 Kb5 42. Bd2 Bxd2 43. Kxd2 Kc4 44. Ke3 Kc3 45. Bf1 d4+ 46. Kf2 d3 47. Ke3 d2 48. Be2 d1Q 49. Bxd1 Bxd1 50. h3 Bh5 51. h4 Bg4 52. Kf2 Kd2 53. Kg3 Bh5 54. Kf2 Be2 55. Kg2 Ke3 56. Kg3 Bf3 57. f5 exf5 58. h5 f4+ 59. Kh3 Bxh5 60. Kg2 f3+ 61. Kg1 f2+ 62. Kh2 f1Q 63. e6 Kf2 0-1

[Event "POR-ch U20"]
[Site "Luso"]
[Date "2014.07.26"]
[Round "5"]
[White "Sa, Claudio Simao Carva"]
[Black "Saltao, Joao Miguel Ramos"]
[Result "0-1"]
[WhiteElo "1730"]
[BlackElo "1820"]
[PlyCount "104"]
[EventDate "2014.07.23"]
[EventType "swiss"]
[EventRounds "7"]
[EventCountry "POR"]
[SourceTitle "EXT 2015"]
[Source "ChessBase"]
[SourceDate "2014.11.20"]
[SourceVersion "1"]
[SourceVersionDate "2014.11.20"]
[SourceQuality "1"]

1. e4 e6 2. d4 d5 3. exd5 exd5 4. Bd3 Bd6 5. Nc3 c6 6. Nge2 Ne7 7. Bf4 Bf5 8. Bxd6 Qxd6 9. 0-0 0-0 10. Ng3 Bxd3 11. Qxd3 Na6 12. Nd1 Rfe8 13. Ne3 Qf4 14. Rfe1 Nc7 15. Ne2 Qd6 16. Ng3 Qd7 17. h3 Nb5 18. Ng4 Ng6 19. Nh5 Re6 20. Re3 Rxe3 21. fxe3 Qe6 22. Rf1 Nd6 23. Ng3 Re8 24. Nf5 Nxf5 25. Qxf5 Qxf5 26. Rxf5 f6 27. Rf1 h5 28. Nf2 Rxe3 29. Nd3 Nf8 30. Rf5 Re2 31. Rf2 Re4 32. c3 Kf7 33. Ne5+ Ke6 34. Nd3 Kf7 35. Ne5+ Ke7 36. Nd3 Re3 37. Nf4 g6 38. Re2 Rxe2 39. Nxe2 Ne6 40. Kf2 Ng5 41. Ke3 Ne4 42. Nf4 Kf7 43. c4 Nd6 44. cxd5 g5 45. Nxh5 cxd5 46. b3 f5 47. h4 Kg6 48. g4 fxg4 49. Ng3 gxh4 50. Ne2 Kg5 51. Kf2 Ne4+ 52. Ke3 h3 0-1

[Event "POR-ch U20"]
[Site "Luso"]
[Date "2014.07.25"]
[Round "4"]
[White "Saltao, Joao Miguel Ramos"]
[Black "Macedo, Adriano Esteves"]
[Result "1-0"]
[WhiteElo "1820"]
[BlackElo "1801"]
[PlyCount "63"]
[EventDate "2014.07.23"]
[EventType "swiss"]
[EventRounds "7"]
[EventCountry "POR"]
[SourceTitle "EXT 2015"]
[Source "ChessBase"]
[SourceDate "2014.11.20"]
[SourceVersion "1"]
[SourceVersionDate "2014.11.20"]
[SourceQuality "1"]

1. c4 Nf6 2. g3 g6 3. Nf3 Bg7 4. Bg2 c6 5. 0-0 0-0 6. d3 d5 7. Nbd2 Nbd7 8. Qc2 Re8 9. Rb1 dxc4 10. Nxc4 Nb6 11. b3 Nfd5 12. Bd2 Bg4 13. h3 Bxf3 14. Bxf3 Nd7 15. Ne3 Ne5 16. Bg2 Nxe3 17. Bxe3 Qa5 18. Rfc1 Rac8 19. b4 Qa6 20. b5 cxb5 21. Qxc8 Rxc8 22. Rxc8+ Bf8 23. Bh6 Nd7 24. Rbc1 g5 25. R1c7 Qxh6 26. Rxd7 g4 27. hxg4 a5 28. Rxb7 e6 29. Rxb5 Kg7 30. g5 Qh5 31. Bf3 Qh3 32. Rbb8 1-0

[Event "POR-ch prel"]
[Site "Matosinhos"]
[Date "2012.08.10"]
[Round "7.11"]
[White "Cruz, Jorge Filipe Egas"]
[Black "Saltao, Joao Miguel Ramos"]
[Result "1/2-1/2"]
[WhiteElo "2080"]
[BlackElo "1722"]
[PlyCount "64"]
[EventDate "2012.08.04"]
[EventType "swiss"]
[EventRounds "9"]
[EventCountry "POR"]
[SourceTitle "EXT 2015"]
[Source "ChessBase"]
[SourceDate "2014.11.20"]
[SourceVersion "1"]
[SourceVersionDate "2014.11.20"]
[SourceQuality "1"]

1. e4 e6 2. d3 c5 3. Nf3 Nc6 4. g3 b6 5. Bg2 Bb7 6. 0-0 Bd6 7. d4 cxd4 8. Nxd4 Nge7 9. Nb5 Bc7 10. N1c3 a6 11. Nxc7+ Qxc7 12. Bf4 e5 13. Nd5 Nxd5 14. exd5 exf4 15. Re1+ Kf8 16. dxc6 Bxc6 17. Qe2 g6 18. Rad1 Kg7 19. Qc4 Rhe8 20. Bd5 fxg3 21. hxg3 b5 22. Qd4+ Kg8 23. Bxc6 dxc6 24. Qf6 Rad8 25. Rxe8+ Rxe8 26. Rd6 Rc8 27. c3 a5 28. Qd4 Re8 29. Qf4 Rc8 30. Qd4 Re8 31. Qf4 Rc8 32. Qd4 Re8 1/2-1/2

[Event "POR-ch prel"]
[Site "Matosinhos"]
[Date "2012.08.05"]
[Round "2.20"]
[White "Saltao, Joao Miguel Ramos"]
[Black "Silva, Mariana Sofia Teixe"]
[Result "1/2-1/2"]
[WhiteElo "1722"]
[BlackElo "1461"]
[PlyCount "87"]
[EventDate "2012.08.04"]
[EventType "swiss"]
[EventRounds "9"]
[EventCountry "POR"]
[SourceTitle "EXT 2015"]
[Source "ChessBase"]
[SourceDate "2014.11.20"]
[SourceVersion "1"]
[SourceVersionDate "2014.11.20"]
[SourceQuality "1"]

1. e4 c6 2. Nf3 d5 3. exd5 cxd5 4. d4 Bg4 5. c3 Qc7 6. h3 Bxf3 7. Qxf3 e6 8. Bb5+ Nc6 9. 0-0 Bd6 10. Re1 Nge7 11. Nd2 0-0 12. Nf1 a6 13. Bd3 b5 14. Bd2 Rab8 15. Qh5 Ng6 16. Rad1 a5 17. Bb1 b4 18. Ne3 bxc3 19. Bxc3 Bb4 20. Qe2 Qb6 21. g3 Rfc8 22. Qd3 Bxc3 23. bxc3 Qb5 24. Re2 Qxd3 25. Bxd3 Nce7 26. Rc2 Rc6 27. Rdc1 Rcb6 28. Kf1 Rb2 29. h4 Nf8 30. Ke1 a4 31. Nd1 R2b6 32. Kd2 Nd7 33. f4 Nf6 34. Ne3 Nc8 35. g4 Nd6 36. g5 Nfe4+ 37. Bxe4 Nxe4+ 38. Kd3 Kf8 39. Ng4 Ke7 40. Nf2 Nd6 41. Ng4 Nc4 42. Ne5 Nd6 43. Ng4 Ne4 44. Nf2 1/2-1/2

[Event "POR-ch U16"]
[Site "Torres Vedras"]
[Date "2011.04.11"]
[Round "3"]
[White "Saltao, Joao Miguel Ramos"]
[Black "Andias, Joao Pedro Menezes"]
[Result "1-0"]
[WhiteElo "1672"]
[BlackElo "1916"]
[PlyCount "97"]
[EventDate "2011.03.28"]
[EventType "swiss"]
[EventRounds "7"]
[EventCountry "POR"]
[SourceTitle "EXT 2015"]
[Source "ChessBase"]
[SourceDate "2014.11.20"]
[SourceVersion "1"]
[SourceVersionDate "2014.11.20"]
[SourceQuality "1"]

1. e4 c5 2. Nf3 e6 3. c3 Nf6 4. e5 Nd5 5. g3 Nc6 6. Bg2 d6 7. exd6 Bxd6 8. 0-0 0-0 9. Qe2 Qc7 10. Na3 a6 11. Nc2 Bd7 12. d4 cxd4 13. Ncxd4 Nxd4 14. Nxd4 Be5 15. Rd1 Rad8 16. Bxd5 exd5 17. Be3 Bxd4 18. Rxd4 Bf5 19. Rad1 Be6 20. Qh5 Qc8 21. Qf3 b5 22. Rh4 f6 23. a4 Bf7 24. axb5 axb5 25. Ra1 Bg6 26. Rb4 Be4 27. Qe2 Qf5 28. Qxb5 Qf3 29. Rxe4 Qxe4 30. b4 Ra8 31. Rd1 Rfc8 32. Qb7 Rab8 33. Qa7 Qc4 34. Bd4 Qe2 35. Ra1 Ra8 36. Qxa8 Rxa8 37. Rxa8+ Kf7 38. h3 Kg6 39. Rd8 Qe4 40. Kh2 h5 41. b5 h4 42. b6 hxg3+ 43. Kxg3 Qb1 44. Rxd5 Qg1+ 45. Kf4 Qh2+ 46. Ke3 Qxh3+ 47. Kd2 Qe6 48. b7 Qxd5 49. b8Q 1-0

[Event "Figueira da Foz op 7th"]
[Site "Figueira da Foz"]
[Date "2010.11.07"]
[Round "9.29"]
[White "Saltao, Joao Miguel Ramos"]
[Black "Durao, Joaquim Manuel"]
[Result "1/2-1/2"]
[WhiteElo "1657"]
[BlackElo "2009"]
[PlyCount "71"]
[EventDate "2010.10.31"]
[EventType "swiss"]
[EventRounds "9"]
[EventCountry "POR"]
[SourceTitle "EXT 2011"]
[Source "ChessBase"]
[SourceDate "2010.11.26"]
[SourceVersion "1"]
[SourceVersionDate "2010.11.26"]
[SourceQuality "1"]

1. e4 e5 2. Nf3 Nc6 3. Bb5 a6 4. Ba4 Nf6 5. 0-0 Be7 6. Re1 b5 7. Bb3 0-0 8. d3 d6 9. c3 Na5 10. Bc2 c5 11. Bg5 Nc6 12. Nbd2 h6 13. Bxf6 Bxf6 14. Nf1 g6 15. Ne3 Bg7 16. Bb3 Bb7 17. Qc2 Kh7 18. Bd5 Qc7 19. Rad1 Ne7 20. Bxb7 Qxb7 21. c4 f5 22. b3 a5 23. a4 f4 24. Nd5 b4 25. Qe2 Nc6 26. Rd2 Qf7 27. h3 g5 28. Kh2 Bf6 29. Ng1 Nd4 30. Qd1 Rg8 31. f3 h5 32. Ne2 Bd8 33. Nxd4 exd4 34. Rh1 Rg6 35. Qg1 Rc8 36. g4 1/2-1/2

[Event "Figueira da Foz op 7th"]
[Site "Figueira da Foz"]
[Date "2010.11.06"]
[Round "8.29"]
[White "Godinho, Marques Pedro"]
[Black "Saltao, Joao Miguel Ramos"]
[Result "1-0"]
[WhiteElo "1865"]
[BlackElo "1657"]
[PlyCount "87"]
[EventDate "2010.10.31"]
[EventType "swiss"]
[EventRounds "9"]
[EventCountry "POR"]
[SourceTitle "EXT 2011"]
[Source "ChessBase"]
[SourceDate "2010.11.26"]
[SourceVersion "1"]
[SourceVersionDate "2010.11.26"]
[SourceQuality "1"]

1. d4 d5 2. c4 e6 3. Nc3 Nf6 4. cxd5 exd5 5. Bg5 Be7 6. e3 c6 7. Bd3 0-0 8. Qc2 h6 9. Bh4 Re8 10. Nf3 Ne4 11. Bxe4 dxe4 12. Qxe4 f5 13. Bxe7 fxe4 14. Bxd8 exf3 15. Bc7 Na6 16. Be5 fxg2 17. Rg1 Bh3 18. f4 Nb4 19. Kf2 Rad8 20. Kg3 Bf5 21. e4 Bh7 22. Rad1 Nc2 23. Kf2 b5 24. Rxg2 Rd7 25. a3 a5 26. Kf3 Rxe5 27. fxe5 Rf7+ 28. Ke2 b4 29. axb4 axb4 30. Kd3 bxc3 31. Rxc2 Rf3+ 32. Kc4 cxb2 33. Rxb2 Bxe4 34. Rg1 g6 35. Rb7 Ra3 36. Re1 Bd5+ 37. Kc5 Ra8 38. Kd6 Rd8+ 39. Rd7 Re8 40. e6 Bf3 41. e7 Bg4 42. Rd8 Kf7 43. Rxe8 Kxe8 44. Ra1 1-0

[Event "Figueira da Foz op 7th"]
[Site "Figueira da Foz"]
[Date "2010.11.05"]
[Round "7.32"]
[White "Saltao, Joao Miguel Ramos"]
[Black "Oliveira, Ricardo Jorge GB"]
[Result "1-0"]
[WhiteElo "1657"]
[BlackElo "1730"]
[PlyCount "84"]
[EventDate "2010.10.31"]
[EventType "swiss"]
[EventRounds "9"]
[EventCountry "POR"]
[SourceTitle "EXT 2011"]
[Source "ChessBase"]
[SourceDate "2010.11.26"]
[SourceVersion "1"]
[SourceVersionDate "2010.11.26"]
[SourceQuality "1"]

1. e4 e5 2. Nf3 Nc6 3. Bb5 a6 4. Ba4 Nf6 5. 0-0 Be7 6. Re1 b5 7. Bb3 0-0 8. c3 d6 9. d3 Bg4 10. Bg5 Qd7 11. h3 Bh5 12. Nbd2 h6 13. Be3 g5 14. Nf1 Kh7 15. Ng3 Bg6 16. Nh2 Rg8 17. Ng4 Nxg4 18. hxg4 Na5 19. Bc2 c5 20. Qf3 f6 21. Rec1 c4 22. d4 Rgf8 23. Re1 Nc6 24. Rad1 Qc7 25. Nf5 Bxf5 26. exf5 Kg7 27. Be4 Rac8 28. Bd5 Nd8 29. Qh3 Rh8 30. Qh5 Kf8 31. Qg6 Qd7 32. dxe5 Qe8 33. Qxe8+ Kxe8 34. exf6 Bxf6 35. Bd4+ Kd7 36. Bxf6 Rh7 37. Bxd8 Rxd8 38. Re6 h5 39. gxh5 Rxh5 40. Bf3 Rh7 41. Rdxd6+ Kc7 42. Rxd8 Kxd8 1-0

[Event "Coimbra District U14"]
[Site "Coimbra"]
[Date "2009.02.08"]
[Round "6"]
[White "Ferreira, Joao"]
[Black "Saltao, Joao Miguel Ramos"]
[Result "0-1"]
[WhiteElo "1656"]
[BlackElo "1667"]
[PlyCount "55"]
[EventDate "2009.01.31"]
[EventType "tourn"]
[EventRounds "6"]
[EventCountry "POR"]
[SourceTitle "EXT 2012"]
[Source "ChessBase"]
[SourceDate "2011.11.24"]
[SourceVersion "1"]
[SourceVersionDate "2011.11.24"]
[SourceQuality "1"]

1. e4 e6 2. d4 d5 3. exd5 exd5 4. Nf3 Bg4 5. Be2 Nd7 6. Nc3 c6 7. Bf4 Ngf6 8. 0-0 Be7 9. Ne5 Bxe2 10. Qxe2 0-0 11. h3 Re8 12. Nxd7 Nxd7 13. Rfe1 Bf6 14. Qd2 Qb6 15. Na4 Qxd4 16. Qxd4 Bxd4 17. Rad1 Bf6 18. b3 b5 19. c4 bxa4 20. Rxe8+ Rxe8 21. cxd5 cxd5 22. Rxd5 Nb6 23. Rd2 axb3 24. axb3 h6 25. Bc7 Rc8 26. Bxb6 axb6 27. Rd6 Rc1+ 28. Kh2 0-1

[Event "Coimbra District U14"]
[Site "Coimbra"]
[Date "2009.02.01"]
[Round "3"]
[White "Saltao, Joao Miguel Ramos"]
[Black "Ferreira, Joao"]
[Result "1-0"]
[WhiteElo "1667"]
[BlackElo "1656"]
[PlyCount "147"]
[EventDate "2009.01.31"]
[EventType "tourn"]
[EventRounds "6"]
[EventCountry "POR"]
[SourceTitle "EXT 2012"]
[Source "ChessBase"]
[SourceDate "2011.11.24"]
[SourceVersion "1"]
[SourceVersionDate "2011.11.24"]
[SourceQuality "1"]

1. e4 e6 2. d4 d5 3. Nd2 c5 4. c3 Nc6 5. Ngf3 Qb6 6. dxc5 Bxc5 7. Qe2 Nge7 8. exd5 exd5 9. Nb3 Bd6 10. Be3 Qc7 11. Qd2 Be6 12. Bd3 h6 13. h3 Rd8 14. Nfd4 Be5 15. Nb5 Qb8 16. f4 Bd6 17. Nxd6+ Qxd6 18. 0-0 Bf5 19. Be2 0-0 20. Bf3 Rd7 21. Rad1 b6 22. Qf2 Rb8 23. Nd4 Nxd4 24. Rxd4 Qe6 25. Rfd1 Rbd8 26. Qd2 f6 27. g4 Bg6 28. f5 Nxf5 29. gxf5 Qxf5 30. Bg2 Bf7 31. Qd3 Qxd3 32. R1xd3 a5 33. c4 Bg6 34. Rd2 Re7 35. Rxd5 Rxd5 36. Bxd5+ Bf7 37. Bxf7+ Kxf7 38. Bxb6 Re1+ 39. Kg2 Rc1 40. b3 a4 41. c5 a3 42. Kf3 Rb1 43. Ba5 Rb2 44. c6 Ke7 45. c7 Rxd2 46. Bxd2 Kd7 47. Bf4 g6 48. Ke4 h5 49. h4 Kc8 50. Kd5 Kd7 51. Kc5 g5 52. Bxg5 Kxc7 53. Bxf6 Kd7 54. Kb4 Kc6 55. Kxa3 Kb5 56. Be7 Ka5 57. Kb2 Kb5 58. Kc3 Kc6 59. Kd4 Kb5 60. Ke5 Kc6 61. a3 Kb5 62. a4+ Ka5 63. Kf5 Kb6 64. b4 Ka6 65. Kg6 Kb6 66. a5+ Ka6 67. Bc5 Kb5 68. Kxh5 Ka6 69. Kg6 Kb7 70. b5 Ka8 71. a6 Kb8 72. Kf6 Kc8 73. Ke7 Kc7 74. h5 1-0

[Event "Coimbra District U14"]
[Site "Coimbra"]
[Date "2009.01.31"]
[Round "1"]
[White "Matos, Joao"]
[Black "Saltao, Joao Miguel Ramos"]
[Result "0-1"]
[WhiteElo "1730"]
[BlackElo "1667"]
[PlyCount "48"]
[EventDate "2009.01.31"]
[EventType "tourn"]
[EventRounds "6"]
[EventCountry "POR"]
[SourceTitle "EXT 2012"]
[Source "ChessBase"]
[SourceDate "2011.11.24"]
[SourceVersion "1"]
[SourceVersionDate "2011.11.24"]
[SourceQuality "1"]

1. e4 e6 2. Nf3 d5 3. d3 Nf6 4. Nc3 Bb4 5. a3 Bxc3+ 6. bxc3 dxe4 7. Ng5 exd3 8. Bxd3 h6 9. Nxf7 Kxf7 10. 0-0 Nc6 11. Re1 Qd6 12. a4 Re8 13. Ba3 Qf4 14. Re2 Bd7 15. Qd2 Qxd2 16. Rxd2 Rad8 17. Re1 Nd5 18. Re4 Nf6 19. Rf4 e5 20. Rh4 e4 21. Bc4+ Be6 22. Bxe6+ Rxe6 23. Re2 Rd1+ 24. Re1 Rxe1# 0-1

[Event "Coimbra-ch U12"]
[Site "Coimbra"]
[Date "2006.02.28"]
[Round "6"]
[White "Melo, Henrique"]
[Black "Saltao, Joao Miguel Ramos"]
[Result "0-1"]
[WhiteElo "1282"]
[BlackElo "1341"]
[PlyCount "68"]
[EventDate "2006.02.25"]
[EventType "swiss"]
[EventRounds "6"]
[EventCountry "POR"]
[SourceTitle "EXT 2008"]
[Source "ChessBase"]
[SourceDate "2007.11.25"]
[SourceVersion "1"]
[SourceVersionDate "2007.11.25"]
[SourceQuality "1"]

1. e4 e5 2. Nf3 Nc6 3. Nc3 Nf6 4. Bb5 d6 5. d3 Bd7 6. Bg5 a6 7. Bxc6 Bxc6 8. 0-0 Be7 9. h3 0-0 10. Re1 h6 11. Bh4 Nxe4 12. dxe4 Bxh4 13. Nxh4 Qxh4 14. Re3 f5 15. Rg3 f4 16. Rg6 Rf6 17. Rxf6 Qxf6 18. Qe2 Qg6 19. Kf1 Rf8 20. Qc4+ Qf7 21. Qe2 b5 22. Qg4 Bd7 23. Qf3 Qc4+ 24. Ke1 c6 25. Qh5 Qb4 26. Qg6 Qxb2 27. Rb1 Qxc3+ 28. Ke2 Qxc2+ 29. Kf3 Qxb1 30. Ke2 Rf6 31. Qg4 Bxg4+ 32. Kd2 Bd1 33. h4 Qc2+ 34. Ke1 Qe2# 0-1

[Event "Coimbra-ch U12"]
[Site "Coimbra"]
[Date "2006.02.25"]
[Round "2"]
[White "Saltao, Joao Miguel Ramos"]
[Black "Almeida, Miguel"]
[Result "1-0"]
[WhiteElo "1341"]
[BlackElo "1111"]
[PlyCount "49"]
[EventDate "2006.02.25"]
[EventType "swiss"]
[EventRounds "6"]
[EventCountry "POR"]
[SourceTitle "EXT 2008"]
[Source "ChessBase"]
[SourceDate "2007.11.25"]
[SourceVersion "1"]
[SourceVersionDate "2007.11.25"]
[SourceQuality "1"]

1. e4 e5 2. Nf3 Nc6 3. Bb5 a6 4. Ba4 Bc5 5. Nc3 Nf6 6. 0-0 Nh5 7. Nxe5 Nxe5 8. Qxh5 Qf6 9. Nd5 Qd6 10. c3 c6 11. d4 cxd5 12. dxe5 Qe6 13. Qf5 Qxf5 14. exf5 f6 15. e6 b5 16. exd7+ Bxd7 17. Bc2 h5 18. Bf4 h4 19. Rad1 Rh5 20. Rxd5 Ba7 21. Re1+ Kd8 22. Red1 Rc8 23. Rxd7+ Ke8 24. Rxa7 Rc4 25. Be3 1-0